00543cam a22002171 4500001001300000003000400013005001700017008004100034010001700075035002000092040001800112042001200130050001700142100004100159245003200200260001100232300002400243500001500267610002600282999001700308ne 65002079 DLC20260227111817.0890514s1965 xx 000 0 ara  ane 65002079  a(OCoLC)23503376 aDLCcMiUdDLC apremarc00aBP187.4b.N31 aNaṣṣār, Muṣṭafā Kāmil.10aShubuhāt fī al-Islām. c[1965] a245, [3] p.c20 cm. aRomanized.20aBlack Stone of Mecca. c48398d48398